[Event "Guernsey Challengers 47th"]
[Site "Guernsey"]
[Date "2023.10.18"]
[Round "4"]
[White "De Lisle, Daniel"]
[Black "Collins, Alan"]
[Result "1-0"]
[WhiteElo "1390"]
[BlackElo "1612"]
[PlyCount "37"]
[EventDate "2023.10.15"]
[EventType "swiss"]
[EventRounds "7"]
[EventCountry "GCI"]
[SourceTitle "BritBase"]
[Source "John Saunders"]
[SourceDate "2023.11.18"]
[SourceVersion "1"]
[SourceVersionDate "2023.11.13"]
[SourceQuality "1"]

1. e4 d6 2. d4 Nf6 3. Nc3 c6 4. h3 e5 5. Nf3 exd4 6. Nxd4 Be7 7. Bd3 O-O 8. O-O
c5 9. Nf5 Bxf5 10. exf5 Nc6 11. Ne4 d5 12. Ng3 Qc7 13. c4 d4 14. Bg5 Rad8 15.
Re1 Rfe8 16. Nh5 Nxh5 17. Qxh5 f6 18. Bd2 Bf8 19. Rxe8 1-0

[Event "Guernsey Challengers 47th"]
[Site "Guernsey"]
[Date "2023.10.18"]
[Round "4"]
[White "Ashbrooke, Monika"]
[Black "Flanagan, Keith"]
[Result "1-0"]
[WhiteElo "1396"]
[BlackElo "1443"]
[PlyCount "105"]
[EventDate "2023.10.15"]
[EventType "swiss"]
[EventRounds "7"]
[EventCountry "GCI"]
[SourceTitle "BritBase"]
[Source "John Saunders"]
[SourceDate "2023.11.18"]
[SourceVersion "1"]
[SourceVersionDate "2023.11.13"]
[SourceQuality "1"]

1. d4 d5 2. Nc3 Nf6 3. Bf4 c6 4. e3 Bf5 5. Be2 e6 6. Nf3 Nh5 7. Bg5 f6 8. Bh4
g5 9. Nxg5 fxg5 10. Bxh5+ Bg6 11. Bxg6+ hxg6 12. Bg3 Bg7 13. Qg4 Qe7 14. O-O-O
Nd7 15. h4 c5 16. Qxg5 Qf7 17. Nb5 O-O 18. Nd6 Qf6 19. Qxf6 Bxf6 20. Nxb7 cxd4
21. exd4 Nb6 22. Nc5 Kf7 23. h5 gxh5 24. Rxh5 Rh8 25. Rxh8 Rxh8 26. Be5 Bxe5
27. dxe5 Rh5 28. f4 Nc4 29. Rg1 Ne3 30. Kd2 Ng4 31. Kd3 Rf5 32. g3 Rh5 33. c4
dxc4+ 34. Kxc4 Rh2 35. Kb3 Re2 36. Rc1 Ne3 37. Ne4 Nd5 38. Ng5+ Ke7 39. Rg1
Re3+ 40. Kc2 Re2+ 41. Kb1 Ne3 42. Rh1 Kd7 43. a3 Rg2 44. Rh7+ Kc6 45. Rxa7 Rxg3
46. Nxe6 Rg1+ 47. Ka2 Kd5 48. Rg7 Rf1 49. Nc7+ Ke4 50. e6 Nf5 51. Rf7 Rxf4 52.
Rxf5 Kxf5 53. e7 1-0

[Event "Guernsey Challengers 47th"]
[Site "Guernsey"]
[Date "2023.10.18"]
[Round "4"]
[White "Bennett, David"]
[Black "Royle, Nick"]
[Result "0-1"]
[WhiteElo "1380"]
[BlackElo "1506"]
[PlyCount "98"]
[EventDate "2023.10.15"]
[EventType "swiss"]
[EventRounds "7"]
[EventCountry "GCI"]
[SourceTitle "BritBase"]
[Source "John Saunders"]
[SourceDate "2023.11.18"]
[SourceVersion "1"]
[SourceVersionDate "2023.11.13"]
[SourceQuality "1"]

1. Nf3 f5 2. d4 Nf6 3. Bf4 g6 4. Nbd2 Bg7 5. e3 b6 6. Bc4 Nc6 7. O-O Na5 8. Be2
O-O 9. c3 Bb7 10. b4 Nc6 11. Rb1 a6 12. Bc4+ Kh8 13. Ng5 Qe8 14. Re1 b5 15. Bb3
h6 16. Ngf3 d6 17. c4 Nxb4 18. cxb5 Bd5 19. Bxd5 Nbxd5 20. bxa6 Nc3 21. Qc2
Nxb1 22. Rxb1 Qd7 23. Qc4 Ra7 24. d5 Nh5 25. Nd4 Nxf4 26. exf4 Rfa8 27. Nb5
Rxa6 28. Nxc7 Rxa2 29. Nxa8 Rxa8 30. h3 Rc8 31. Qd3 Kh7 32. Qg3 Rc3 33. Qh2 Qc7
34. g4 Rc1+ 35. Rxc1 Qxc1+ 36. Nf1 fxg4 37. hxg4 Qd1 38. Qh3 Qxd5 39. Ne3 Qf7
40. Qf3 e6 41. Qg3 d5 42. f5 d4 43. Ng2 exf5 44. gxf5 Qxf5 45. Nf4 Be5 46.
Qxg6+ Qxg6+ 47. Nxg6 Kxg6 48. Kf1 Kf5 49. Ke2 Kf4 0-1

[Event "Guernsey Challengers 47th"]
[Site "Guernsey"]
[Date "2023.10.19"]
[Round "5"]
[White "Hoogakker, Peter"]
[Black "Nevska, Gerda"]
[Result "0-1"]
[WhiteElo "1877"]
[BlackElo "1765"]
[PlyCount "46"]
[EventDate "2023.10.15"]
[EventType "swiss"]
[EventRounds "7"]
[EventCountry "GCI"]
[SourceTitle "BritBase"]
[Source "John Saunders"]
[SourceDate "2023.11.18"]
[SourceVersion "1"]
[SourceVersionDate "2023.11.13"]
[SourceQuality "1"]

1. e4 e5 2. Bc4 Nf6 3. d4 b5 4. Bxb5 c6 5. Bd3 exd4 6. e5 Qa5+ 7. Bd2 Qxe5+ 8.
Ne2 Bd6 9. Bf4 Qa5+ 10. Qd2 Qxd2+ 11. Nxd2 Bxf4 12. Nxf4 Ba6 13. Nb3 g5 14.
Bxa6 Nxa6 15. Nd3 c5 16. Nbxc5 Nxc5 17. Nxc5 Rc8 18. b4 d6 19. Nb7 Rxc2 20.
Nxd6+ Kd7 21. Kd1 d3 22. Nxf7 Re8 23. Re1 Nd5 0-1

[Event "Guernsey Challengers 47th"]
[Site "Guernsey"]
[Date "2023.10.19"]
[Round "5"]
[White "Dam, Karsten"]
[Black "Dennis, Nigel W"]
[Result "0-1"]
[WhiteElo "1665"]
[BlackElo "1792"]
[PlyCount "104"]
[EventDate "2023.10.15"]
[EventType "swiss"]
[EventRounds "7"]
[EventCountry "GCI"]
[SourceTitle "BritBase"]
[Source "John Saunders"]
[SourceDate "2023.11.18"]
[SourceVersion "1"]
[SourceVersionDate "2023.11.13"]
[SourceQuality "1"]

1. e4 c5 2. c3 d5 3. exd5 Qxd5 4. Nf3 Nf6 5. Na3 e6 6. Be2 Be7 7. O-O O-O 8.
Re1 Nc6 9. d3 Qd8 10. Bf4 a6 11. h3 b5 12. Nc2 Bb7 13. d4 cxd4 14. Ncxd4 Nxd4
15. Nxd4 Qb6 16. Bf3 Rfd8 17. Bxb7 Qxb7 18. Qb3 Qd5 19. Nxe6 Qxb3 20. axb3 fxe6
21. Rxe6 Nd5 22. Bg3 Bf6 23. Rexa6 Rxa6 24. Rxa6 Rd7 25. Ra5 b4 26. c4 Ne7 27.
Rb5 Nc6 28. Rb6 Nd4 29. Rxb4 Ne2+ 30. Kh2 Nxg3 31. Kxg3 Rd3+ 32. Kf4 Rd2 33.
Ke3 Rxb2 34. Rb7 Kf8 35. c5 Ke8 36. c6 Rc2 37. Rb6 Kd8 38. g3 Kc7 39. Rb4 Kxc6
40. Rc4+ Rxc4 41. bxc4 Kc5 42. Ke4 Kxc4 43. g4 Kc5 44. f4 Kd6 45. g5 Bc3 46. h4
Ke6 47. f5+ Kf7 48. Kf4 Ke7 49. f6+ Bxf6 50. gxf6+ Kxf6 51. h5 h6 52. Kg4 Ke5
0-1

[Event "Guernsey Challengers 47th"]
[Site "Guernsey"]
[Date "2023.10.19"]
[Round "5"]
[White "Walker, Elmira"]
[Black "Berkley, Stephen W"]
[Result "1-0"]
[WhiteElo "1626"]
[BlackElo "1595"]
[PlyCount "71"]
[EventDate "2023.10.15"]
[EventType "swiss"]
[EventRounds "7"]
[EventCountry "GCI"]
[SourceTitle "BritBase"]
[Source "John Saunders"]
[SourceDate "2023.11.18"]
[SourceVersion "1"]
[SourceVersionDate "2023.11.13"]
[SourceQuality "1"]

1. e4 e6 2. d4 d5 3. Nd2 h6 4. Ngf3 c5 5. c3 Nf6 6. e5 Nfd7 7. Bd3 Nc6 8. b3 b6
9. O-O g5 10. Bb5 Bb7 11. h3 cxd4 12. cxd4 Ncb8 13. Re1 a6 14. Be2 Nc6 15. a3
h5 16. Nf1 g4 17. Ng5 Be7 18. h4 Rg8 19. Ng3 Bxg5 20. Bxg5 Rxg5 21. hxg5 Qxg5
22. Qd3 Ke7 23. Qe3 Qxe3 24. fxe3 Rh8 25. Nh1 f6 26. exf6+ Nxf6 27. Bd3 e5 28.
Rac1 Kd6 29. Bf5 exd4 30. Rcd1 dxe3 31. Rxe3 Ne5 32. Rde1 Re8 33. Nf2 d4 34.
R3e2 Re7 35. Nd3 Bf3 36. Rxe5 1-0

[Event "Guernsey Challengers 47th"]
[Site "Guernsey"]
[Date "2023.10.19"]
[Round "5"]
[White "Reink, Geerhard"]
[Black "Finch, Russell"]
[Result "0-1"]
[WhiteElo "1520"]
[BlackElo "1619"]
[PlyCount "94"]
[EventDate "2023.10.15"]
[EventType "swiss"]
[EventRounds "7"]
[EventCountry "GCI"]
[SourceTitle "BritBase"]
[Source "John Saunders"]
[SourceDate "2023.11.18"]
[SourceVersion "1"]
[SourceVersionDate "2023.11.13"]
[SourceQuality "1"]

1. c4 g6 2. Nc3 Bg7 3. g3 Nf6 4. Bg2 d6 5. e4 e5 6. d3 O-O 7. Nge2 Nc6 8. O-O
Bd7 9. h3 Ne7 10. Be3 h6 11. Qd2 Kh7 12. f4 Nh5 13. g4 Nxf4 14. Nxf4 exf4 15.
Bxf4 Nc6 16. Be3 Ne5 17. Qe2 Qh4 18. Bf2 Qg5 19. Bg3 h5 20. Bf4 Qh4 21. Bxe5
Bxe5 22. Qf2 Qxf2+ 23. Kxf2 hxg4 24. hxg4 Bxg4 25. Rh1+ Kg7 26. Ke3 Bxc3 27.
bxc3 Rh8 28. Kf4 Be2 29. Ke3 Bg4 30. d4 Rxh1 31. Rxh1 Rh8 32. Rxh8 Kxh8 33. e5
dxe5 34. Bxb7 exd4+ 35. cxd4 Kg7 36. Kf4 Be2 37. c5 Kf6 38. Bc8 g5+ 39. Ke3 Bc4
40. a3 Bd5 41. Bg4 Kg6 42. Be2 f5 43. Bd3 Kf6 44. Bc2 f4+ 45. Kf2 g4 46. Ke2 g3
47. Bd3 Kg5 0-1

[Event "Guernsey Challengers 47th"]
[Site "Guernsey"]
[Date "2023.10.19"]
[Round "5"]
[White "Turner, David J"]
[Black "Goris Schouwstra, Adry"]
[Result "1/2-1/2"]
[WhiteElo "1750"]
[BlackElo "1715"]
[PlyCount "85"]
[EventDate "2023.10.15"]
[EventType "swiss"]
[EventRounds "7"]
[EventCountry "GCI"]
[SourceTitle "BritBase"]
[Source "John Saunders"]
[SourceDate "2023.11.18"]
[SourceVersion "1"]
[SourceVersionDate "2023.11.13"]
[SourceQuality "1"]

1. e4 e6 2. d3 d6 3. Nf3 Bd7 4. Nbd2 Bc6 5. g3 Nd7 6. Bg2 e5 7. O-O Be7 8. Nc4
h6 9. Qe2 Bf6 10. Rd1 Ne7 11. a4 O-O 12. h4 Nb6 13. a5 Nxc4 14. dxc4 Qc8 15.
Nh2 Bd7 16. Qh5 Kh7 17. g4 Ng8 18. g5 g6 19. Qe2 Bg7 20. Rd3 h5 21. Bf3 Ne7 22.
Bxh5 gxh5 23. Qxh5+ Kg8 24. Qd1 f5 25. Rg3 fxe4 26. g6 Nf5 27. Qh5 Re8 28. Qh7+
Kf8 29. Rg5 Be6 30. Rxf5+ Bxf5 31. Bh6 Qd7 32. Qh8+ Ke7 33. Qxg7+ Kd8 34. Qf7
Be6 35. Bg5+ Kc8 36. Qxd7+ Kxd7 37. Re1 Bf5 38. h5 Rh8 39. h6 Bxg6 40. Ng4 Ke6
41. Bf6 Rhf8 42. Bg7 Rf4 43. Ne3 1/2-1/2

[Event "Guernsey Challengers 47th"]
[Site "Guernsey"]
[Date "2023.10.19"]
[Round "5"]
[White "Jongerius, Marc"]
[Black "De Lisle, Daniel"]
[Result "0-1"]
[WhiteElo "1695"]
[BlackElo "1390"]
[PlyCount "114"]
[EventDate "2023.10.15"]
[EventType "swiss"]
[EventRounds "7"]
[EventCountry "GCI"]
[SourceTitle "BritBase"]
[Source "John Saunders"]
[SourceDate "2023.11.18"]
[SourceVersion "1"]
[SourceVersionDate "2023.11.13"]
[SourceQuality "1"]

1. e4 c5 2. c3 a6 3. d4 e6 4. Nf3 cxd4 5. cxd4 d5 6. exd5 Bb4+ 7. Bd2 Bxd2+ 8.
Qxd2 exd5 9. Be2 Nf6 10. Nc3 O-O 11. O-O Re8 12. Rfe1 Nc6 13. Bd3 b5 14. Rxe8+
Qxe8 15. Re1 Be6 16. Ng5 h6 17. Nxe6 fxe6 18. Bf5 Nd8 19. b4 Qf7 20. Bh3 Ra7
21. Ne2 Ne4 22. Qf4 Re7 23. Qxf7+ Kxf7 24. Rc1 Nd6 25. Nf4 Nc4 26. Nd3 Nc6 27.
Rd1 Nxd4 28. Nc5 Ne2+ 29. Kf1 Nf4 30. Bg4 Ne5 31. Rd4 g5 32. Bd1 Nc6 33. Rd2
Nxb4 34. g3 Ng6 35. Be2 Rc7 36. Nb3 Rc2 37. Rd4 Nxa2 38. Na5 Nc3 39. Bd3 Rc1+
40. Kg2 e5 41. Rb4 e4 42. Nb3 Re1 43. Bc2 e3 44. Nd4 e2 45. Kf3 Ne5+ 46. Ke3
Nd1+ 47. Kd2 Rh1 48. Kxe2 Nc3+ 49. Kd2 Ne4+ 50. Bxe4 dxe4 51. Ke3 Re1+ 52. Ne2
Nc4+ 53. Rxc4 bxc4 54. Kd2 Rxe2+ 55. Kxe2 Ke6 56. Kd2 Kd5 57. Kc3 a5 0-1

[Event "Guernsey Challengers 47th"]
[Site "Guernsey"]
[Date "2023.10.19"]
[Round "5"]
[White "Poldermans, Daan"]
[Black "Harnden, Terry"]
[Result "1/2-1/2"]
[WhiteElo "1629"]
[BlackElo "1524"]
[PlyCount "41"]
[EventDate "2023.10.15"]
[EventType "swiss"]
[EventRounds "7"]
[EventCountry "GCI"]
[SourceTitle "BritBase"]
[Source "John Saunders"]
[SourceDate "2023.11.18"]
[SourceVersion "1"]
[SourceVersionDate "2023.11.13"]
[SourceQuality "1"]

1. e4 c5 2. c3 d6 3. d4 cxd4 4. cxd4 Nf6 5. Nc3 g6 6. h3 Bg7 7. Nf3 O-O 8. Be3
Nc6 9. Bd3 Bd7 10. Rc1 Rc8 11. O-O a6 12. Qd2 b5 13. Ne2 e5 14. d5 Ne7 15. Rxc8
Bxc8 16. Ng3 Ne8 17. Nh2 f5 18. f4 exf4 19. Bxf4 fxe4 20. Bxe4 Bf5 21. Bf3
1/2-1/2

[Event "Guernsey Challengers 47th"]
[Site "Guernsey"]
[Date "2023.10.19"]
[Round "5"]
[White "Bernard, Christopher"]
[Black "Remie, Peter"]
[Result "1/2-1/2"]
[WhiteElo "1516"]
[BlackElo "1728"]
[PlyCount "117"]
[EventDate "2023.10.15"]
[EventType "swiss"]
[EventRounds "7"]
[EventCountry "GCI"]
[SourceTitle "BritBase"]
[Source "John Saunders"]
[SourceDate "2023.11.18"]
[SourceVersion "1"]
[SourceVersionDate "2023.11.13"]
[SourceQuality "1"]

1. Nf3 d5 2. c4 Nf6 3. g3 c6 4. Bg2 Bf5 5. cxd5 Nxd5 6. O-O h6 7. Re1 Nf6 8. d3
e6 9. Qb3 Qb6 10. Qxb6 axb6 11. a3 Be7 12. Bd2 O-O 13. Nc3 Nbd7 14. Nd4 Bg6 15.
Nb3 Rfd8 16. d4 Bc2 17. Nc1 Nd5 18. N1a2 Bf6 19. e4 Nxc3 20. bxc3 Rxa3 21. Nb4
Rxa1 22. Rxa1 Bb3 23. Ra7 c5 24. Ra3 Bc4 25. Nc2 cxd4 26. cxd4 Nc5 27. Be3 Na6
28. f4 Be7 29. Ra1 b5 30. Bf1 Bxf1 31. Kxf1 Rc8 32. Rc1 b4 33. Na1 Rxc1+ 34.
Bxc1 Nc7 35. Ke2 Nb5 36. Kd3 Bf6 37. Nb3 Be7 38. Bb2 g5 39. Na5 gxf4 40. gxf4
Nd6 41. e5 Bd8 42. Nb3 Nf5 43. Ke4 h5 44. d5 Ne7 45. d6 Nd5 46. Nc5 Bb6 47.
Nxb7 Kf8 48. Kd3 Nxf4+ 49. Kc4 Nd5 50. Nc5 Ke8 51. Kb5 Bxc5 52. Kxc5 Kd7 53. h3
Nf4 54. Kxb4 Nxh3 55. Kc4 Nf4 56. Bc1 Nd5 57. Bg5 f5 58. exf6 Nxf6 59. Bxf6
1/2-1/2

[Event "Guernsey Challengers 47th"]
[Site "Guernsey"]
[Date "2023.10.19"]
[Round "5"]
[White "Goman, Colin R"]
[Black "Ashbrooke, Monika"]
[Result "1/2-1/2"]
[WhiteElo "1636"]
[BlackElo "1396"]
[PlyCount "158"]
[EventDate "2023.10.15"]
[EventType "swiss"]
[EventRounds "7"]
[EventCountry "GCI"]
[SourceTitle "BritBase"]
[Source "John Saunders"]
[SourceDate "2023.11.18"]
[SourceVersion "1"]
[SourceVersionDate "2023.11.13"]
[SourceQuality "1"]

1. d4 e6 2. Nf3 d5 3. e3 c5 4. c4 Nf6 5. Nbd2 Nc6 6. cxd5 exd5 7. dxc5 Bxc5 8.
Qc2 Qe7 9. Bb5 O-O 10. Bxc6 bxc6 11. Nb3 Bb4+ 12. Bd2 c5 13. Bxb4 cxb4 14. O-O
Bg4 15. Nfd4 Qe4 16. Qd2 a5 17. f3 Qe5 18. fxg4 Nxg4 19. Nf3 Qxe3+ 20. Qxe3
Nxe3 21. Rf2 a4 22. Nbd4 Rac8 23. Re2 Nc4 24. Rae1 Nd6 25. Ne5 Rfe8 26. Nec6
Rxe2 27. Rxe2 Kf8 28. Re5 b3 29. axb3 axb3 30. Rxd5 Nc4 31. Rd8+ Rxd8 32. Nxd8
Nxb2 33. Nxb3 Nd3 34. Nd4 Ke7 35. N8c6+ Kf6 36. Kf1 Ne5 37. Nb4 h5 38. Nd5+ Kg6
39. Nf4+ Kg5 40. g3 h4 41. Kg2 hxg3 42. Kxg3 f6 43. h4+ Kh6 44. Nf5+ Kh7 45.
Nh5 Ng6 46. Nhxg7 Nxh4 47. Kxh4 Kg6 48. Kg4 Kf7 49. Kh5 Kg8 50. Kg6 Kf8 51.
Kxf6 Kg8 52. Nh6+ Kf8 53. Ngf5 Ke8 54. Ke6 Kd8 55. Kd6 Kc8 56. Kc6 Kd8 57. Nf7+
Ke8 58. Ne5 Kd8 59. Kb7 Ke8 60. Kc7 Kf8 61. Kd7 Kg8 62. Ke7 Kh7 63. Kf7 Kh8 64.
Kf8 Kh7 65. Ke7 Kg8 66. Ng6 Kh7 67. Kf6 Kg8 68. Nh6+ Kh7 69. Nf7 Kg8 70. Nfe5
Kh7 71. Ng4 Kg8 72. Kg5 Kf7 73. Kf5 Ke8 74. Ke6 Kd8 75. Kd6 Kc8 76. Kc6 Kd8 77.
Nf6 Kc8 78. Nf4 Kd8 79. Ne6+ Ke7 1/2-1/2

[Event "Guernsey Challengers 47th"]
[Site "Guernsey"]
[Date "2023.10.19"]
[Round "5"]
[White "Royle, Nick"]
[Black "Gunn, Michael J"]
[Result "0-1"]
[WhiteElo "1506"]
[BlackElo "1567"]
[PlyCount "64"]
[EventDate "2023.10.15"]
[EventType "swiss"]
[EventRounds "7"]
[EventCountry "GCI"]
[SourceTitle "BritBase"]
[Source "John Saunders"]
[SourceDate "2023.11.18"]
[SourceVersion "1"]
[SourceVersionDate "2023.11.13"]
[SourceQuality "1"]

1. e4 e6 2. b3 d5 3. Bb2 d4 4. Nf3 c5 5. Bb5+ Bd7 6. Qe2 a5 7. Bxd7+ Qxd7 8.
Ne5 Qc7 9. f4 Bd6 10. Nd3 Bxf4 11. e5 Bh6 12. O-O Ne7 13. Qf3 Ng6 14. Nxc5 O-O
15. Bxd4 Nc6 16. Bb2 b6 17. Nd3 Rfd8 18. Na3 Rac8 19. Nc4 Nd4 20. Qf2 Nxc2 21.
Rac1 Rxd3 22. Rxc2 Qc5 23. Qxc5 Rxc5 24. Rfc1 b5 25. b4 Rxc4 26. Rxc4 bxc4 27.
Rxc4 Rxd2 28. Bd4 Rxa2 29. g4 Ra3 30. g5 Bxg5 31. Rc8+ Nf8 32. Bc5 Be3+ 0-1

[Event "Guernsey Challengers 47th"]
[Site "Guernsey"]
[Date "2023.10.19"]
[Round "5"]
[White "Collins, Alan"]
[Black "Flanagan, Keith"]
[Result "1-0"]
[WhiteElo "1612"]
[BlackElo "1443"]
[PlyCount "81"]
[EventDate "2023.10.15"]
[EventType "swiss"]
[EventRounds "7"]
[EventCountry "GCI"]
[SourceTitle "BritBase"]
[Source "John Saunders"]
[SourceDate "2023.11.18"]
[SourceVersion "1"]
[SourceVersionDate "2023.11.13"]
[SourceQuality "1"]

1. f4 Nf6 2. d3 d5 3. Nf3 e6 4. g3 Bb4+ 5. c3 Bd6 6. Bg2 O-O 7. O-O c5 8. Na3
a6 9. Nc2 Nc6 10. Qe1 e5 11. fxe5 Nxe5 12. Nxe5 Bxe5 13. d4 Bd6 14. Bg5 Be7 15.
dxc5 Bxc5+ 16. Kh1 Be7 17. Rd1 Be6 18. Bxf6 Bxf6 19. e4 Re8 20. Qf2 Qa5 21.
exd5 Bg4 22. Rde1 Bd7 23. a3 Rac8 24. Rxe8+ Rxe8 25. Re1 Qd8 26. Rxe8+ Qxe8 27.
Qe1 Kf8 28. Qxe8+ Kxe8 29. Kg1 Bb5 30. Nd4 Bd3 31. Nb3 b6 32. Bf1 Bxf1 33. Kxf1
Kd7 34. Nd2 Bg5 35. Ke2 Bxd2 36. Kxd2 Kd6 37. c4 h6 38. Kd3 f5 39. Kd4 g5 40.
b4 h5 41. c5+ 1-0

[Event "Guernsey Challengers 47th"]
[Site "Guernsey"]
[Date "2023.10.20"]
[Round "6"]
[White "Dennis, Nigel W"]
[Black "Nevska, Gerda"]
[Result "1-0"]
[WhiteElo "1792"]
[BlackElo "1765"]
[PlyCount "155"]
[EventDate "2023.10.15"]
[EventType "swiss"]
[EventRounds "7"]
[EventCountry "GCI"]
[SourceTitle "BritBase"]
[Source "John Saunders"]
[SourceDate "2023.11.18"]
[SourceVersion "1"]
[SourceVersionDate "2023.11.13"]
[SourceQuality "1"]

1. e4 d6 2. d4 Nf6 3. Nc3 g6 4. Nf3 Bg7 5. Be2 O-O 6. O-O Nbd7 7. h3 c6 8. a4
a5 9. Be3 e5 10. dxe5 Nxe5 11. Nxe5 dxe5 12. Qxd8 Rxd8 13. Rfd1 Re8 14. Rd2 Nh5
15. Bxh5 gxh5 16. Rad1 Be6 17. Bb6 Bf6 18. b3 Be7 19. Rd3 h4 20. Bc7 f6 21. Bd6
Bd8 22. Bc5 Kf7 23. Kh2 b6 24. Be3 Bc7 25. Ne2 Ke7 26. Ng1 f5 27. Bg5+ Kf8 28.
Bxh4 fxe4 29. Re3 b5 30. Rc3 bxa4 31. Rxc6 axb3 32. Rxc7 b2 33. Rb1 Reb8 34.
Be7+ Ke8 35. Ba3 Bd7 36. Rxb2 Rxb2 37. Bxb2 Rb8 38. Bxe5 Rb5 39. Bf4 a4 40. Bc1
Rb1 41. Ba3 Ra1 42. Rc3 Kf7 43. Ne2 Ke6 44. Ng3 Ra2 45. Nxe4 Ke5 46. Nc5 Bb5
47. Nd3+ Bxd3 48. Rxd3 Rxc2 49. Kg3 Rc4 50. f4+ Kf5 51. Rd5+ Ke6 52. Rc5 Rd4
53. Re5+ Kf7 54. Re3 Rc4 55. Kg4 Kg6 56. g3 h5+ 57. Kh4 Rc8 58. Re6+ Kf7 59.
Ra6 Rc4 60. Kxh5 Rc3 61. Rxa4 Rxg3 62. h4 Kf6 63. Ra6+ Kf5 64. Ra5+ Kf6 65.
Bb2+ Kf7 66. Rg5 Rb3 67. Be5 Re3 68. Kh6 Rh3 69. h5 Rb3 70. Rg7+ Ke6 71. Kh7
Ra3 72. h6 Ra2 73. Rg6+ Kf7 74. Rf6+ Ke8 75. Kg6 Rg2+ 76. Kf5 Ra2 77. Ke6 Rh2
78. Rg6 1-0

[Event "Guernsey Challengers 47th"]
[Site "Guernsey"]
[Date "2023.10.20"]
[Round "6"]
[White "Finch, Russell"]
[Black "Walker, Elmira"]
[Result "0-1"]
[WhiteElo "1619"]
[BlackElo "1626"]
[PlyCount "60"]
[EventDate "2023.10.15"]
[EventType "swiss"]
[EventRounds "7"]
[EventCountry "GCI"]
[SourceTitle "BritBase"]
[Source "John Saunders"]
[SourceDate "2023.11.18"]
[SourceVersion "1"]
[SourceVersionDate "2023.11.13"]
[SourceQuality "1"]

1. Nf3 Nf6 2. g3 g6 3. Bg2 Bg7 4. d3 d5 5. O-O O-O 6. Nbd2 Nc6 7. e4 e5 8. Re1
Bg4 9. c3 a5 10. a4 b6 11. Qe2 d4 12. h3 Be6 13. Ng5 Bc8 14. f4 h6 15. fxe5
Nxe5 16. Ngf3 dxc3 17. Nc4 Nxc4 18. dxc4 Nh5 19. Kh2 Re8 20. e5 Bb7 21. g4 cxb2
22. Qxb2 Bxf3 23. Bxf3 Qh4 24. Bxa8 Qg3+ 25. Kh1 Qxe1+ 26. Kg2 Qg3+ 27. Kf1
Bxe5 28. Qg2 Qd3+ 29. Kg1 Bd4+ 30. Kh2 Re2 0-1

[Event "Guernsey Challengers 47th"]
[Site "Guernsey"]
[Date "2023.10.20"]
[Round "6"]
[White "De Lisle, Daniel"]
[Black "Berkley, Stephen W"]
[Result "1/2-1/2"]
[WhiteElo "1390"]
[BlackElo "1595"]
[PlyCount "41"]
[EventDate "2023.10.15"]
[EventType "swiss"]
[EventRounds "7"]
[EventCountry "GCI"]
[SourceTitle "BritBase"]
[Source "John Saunders"]
[SourceDate "2023.11.18"]
[SourceVersion "1"]
[SourceVersionDate "2023.11.13"]
[SourceQuality "1"]

1. e4 e6 2. a3 c5 3. Nf3 Nc6 4. d4 cxd4 5. Nxd4 a6 6. c4 Qc7 7. Be2 g6 8. O-O
Bg7 9. Be3 Nge7 10. Qd2 O-O 11. Nc3 Nxd4 12. Bxd4 Qd6 13. Rad1 Nc6 14. Bxg7
Qxd2 15. Rxd2 Kxg7 16. f4 b6 17. b4 f6 18. g4 Ra7 19. Rd6 Kf7 20. Rd3 Ke7 21.
h3 1/2-1/2

[Event "Guernsey Challengers 47th"]
[Site "Guernsey"]
[Date "2023.10.20"]
[Round "6"]
[White "Gunn, Michael J"]
[Black "Dam, Karsten"]
[Result "0-1"]
[WhiteElo "1567"]
[BlackElo "1665"]
[PlyCount "62"]
[EventDate "2023.10.15"]
[EventType "swiss"]
[EventRounds "7"]
[EventCountry "GCI"]
[SourceTitle "BritBase"]
[Source "John Saunders"]
[SourceDate "2023.11.18"]
[SourceVersion "1"]
[SourceVersionDate "2023.11.13"]
[SourceQuality "1"]

1. e4 c6 2. d4 d5 3. exd5 cxd5 4. c4 Nf6 5. Nc3 Nc6 6. Nf3 e6 7. c5 Be7 8. Bd3
O-O 9. O-O b6 10. Bb5 Bb7 11. Bxc6 Bxc6 12. b4 a5 13. b5 Ne4 14. bxc6 Nxc3 15.
Qc2 Ne4 16. cxb6 Qxb6 17. Rb1 Qa6 18. Bf4 g5 19. Be3 Rfc8 20. Rfc1 Ra7 21. Ne5
f6 22. f3 Nd6 23. Ng4 Nc4 24. Bf2 Na3 25. Qb2 Nxb1 26. Qxb1 Rac7 27. Re1 Qxc6
28. Bg3 Rb7 29. Qd3 Qc4 30. Qe3 Rc6 31. h4 Qc3 0-1

[Event "Guernsey Challengers 47th"]
[Site "Guernsey"]
[Date "2023.10.20"]
[Round "6"]
[White "Steinbergs, Viktors"]
[Black "Turner, David J"]
[Result "1-0"]
[WhiteElo "1763"]
[BlackElo "1750"]
[PlyCount "107"]
[EventDate "2023.10.15"]
[EventType "swiss"]
[EventRounds "7"]
[EventCountry "GCI"]
[SourceTitle "BritBase"]
[Source "John Saunders"]
[SourceDate "2023.11.18"]
[SourceVersion "1"]
[SourceVersionDate "2023.11.13"]
[SourceQuality "1"]

1. d4 d6 2. Nf3 Nf6 3. Bf4 c5 4. c3 Qa5 5. e3 g6 6. Nbd2 Nbd7 7. Be2 Bg7 8. Qb3
O-O 9. Ng5 Qb6 10. Qc2 h6 11. Nc4 Qc7 12. Nf3 Nh5 13. Bg3 Nxg3 14. hxg3 Re8 15.
e4 a6 16. Ne3 cxd4 17. cxd4 Qxc2 18. Nxc2 Nf6 19. Bd3 Bd7 20. Rc1 Rac8 21. Kd2
Ng4 22. Ke2 h5 23. Ne3 Nxe3 24. fxe3 Rxc1 25. Rxc1 Rc8 26. Rxc8+ Bxc8 27. Kd2
Kf8 28. Bc4 e6 29. Kd3 Bf6 30. a4 Bd7 31. a5 Ke8 32. b4 Ba4 33. Kd2 Kd7 34. Kd3
Kc7 35. Kd2 b6 36. d5 Bb5 37. Bxb5 axb5 38. dxe6 fxe6 39. a6 Kb8 40. Nd4 Bxd4
41. exd4 e5 42. g4 Ka7 43. gxh5 gxh5 44. d5 Kxa6 45. Ke3 Kb7 46. Kf3 Kc7 47.
Kg3 Kd7 48. Kh4 Ke7 49. Kxh5 Kf6 50. Kh6 Kf7 51. Kg5 Kg7 52. Kf5 Kf7 53. g4 Ke7
54. Kg6 1-0

[Event "Guernsey Challengers 47th"]
[Site "Guernsey"]
[Date "2023.10.20"]
[Round "6"]
[White "Harnden, Terry"]
[Black "Reink, Geerhard"]
[Result "0-1"]
[WhiteElo "1524"]
[BlackElo "1520"]
[PlyCount "106"]
[EventDate "2023.10.15"]
[EventType "swiss"]
[EventRounds "7"]
[EventCountry "GCI"]
[SourceTitle "BritBase"]
[Source "John Saunders"]
[SourceDate "2023.11.18"]
[SourceVersion "1"]
[SourceVersionDate "2023.11.13"]
[SourceQuality "1"]

1. e4 c5 2. Nf3 d6 3. d4 cxd4 4. Nxd4 Nf6 5. Nc3 a6 6. f3 Nc6 7. Be3 e6 8. Qd2
d5 9. exd5 Nxd5 10. Nxc6 bxc6 11. Nxd5 cxd5 12. a3 Be7 13. Be2 Rb8 14. b3 O-O
15. O-O Bf6 16. Bc5 Bxa1 17. Bxf8 Qb6+ 18. Kh1 Bf6 19. Bb4 Bd7 20. Bc3 Bxc3 21.
Qxc3 Rc8 22. Qd3 Bb5 23. Qd2 Qc5 24. Bxb5 axb5 25. Qe2 Qxa3 26. Qxb5 Rxc2 27.
Qb8+ Qf8 28. Qb7 Qc8 29. Qxc8+ Rxc8 30. Ra1 Rb8 31. Kg1 Kf8 32. Kf2 Ke7 33. Ra3
Rb7 34. Ke3 Kd6 35. f4 Kc5 36. Kd3 Kb4 37. Ra1 Rc7 38. Kd4 Kxb3 39. Rb1+ Kc2
40. Ra1 Kd2 41. Ra2+ Rc2 42. Ra3 Rc4+ 43. Ke5 Re4+ 44. Kd6 Rxf4 45. Ra2+ Kc3
46. Ra3+ Kb4 47. Ra1 Rf2 48. Ra7 d4 49. Rb7+ Kc3 50. Rc7+ Kd2 51. Ke5 Ke3 52.
Kd6 d3 53. Rc3 Kd4 0-1